000 00880nam a2200241 a 4500
001 56115
003 BD-RjUL
005 20211209080344.0
008 161126s1956 ii ||||| |||| 00| 0 ben d
020 _c: IRs 4.00
035 _a(BD-RjUL)56239
040 _aBD-RjUL
_bben
_cBD-RjUL
041 _aben
082 _223
_a891.4414
_bSER 1956
100 _aসেন, অশোক
_9126004
245 1 0 _aরবীন্দ্রনাথ /
_cঅশোক সেন
260 _aকলিকাতা :
_bএ. মুখার্জী,
_c১৯৫৬ [?]
300 _a খণ্ড. ;
_c১৭ সেমি .
505 _aপর্ব ২, সাঙ্কেতিক নাটক --
600 _aTagore, Robindronath,
_d1861-1941
_9167065
600 _aঠাকুর, রবীন্দ্রনাথ,
_d১৮৬১-১৯৪১
_9167066
942 _2ddc
_cBK
999 _c56115
_d56115